000 06902nam a22006617a 4500
008 081212t xxu||||| |||| 00| 0beng d
010 _aENG-98808 B-422693-724
020 _c340.00
_a9788125032267
020 _c340.00
_a8125032266
035 _aEN-82340 B-422693-724
037 _bDBAD / PUB
040 _adpl
_bEnglish
082 _a954.02
100 _93724
_aChandra, Satish
245 _aHistory of medieval India (800-1700) /
_cby Satish Chandra
260 _aHyderabad
_bOrient Blackswan
_c2009
270 _a3-6-752 Himayatnagar,
_bHyderabad
_e500029
300 _axii,418p.
_c23cm (pbk)
500 _aIncludes bibliographical references and index
600 _aBaba Visakha Singh
_xBiography.
_93725
650 _96086
700 _96162
942 _2ddc
_cEN
_mCHA
_h954.02
999 _c40013
_d40013